Open access bioinformatics

Detalles Bibliográficos
Formato: Electrónico Revista
Lenguaje:inglés
Publicado: Auckland, N.Z. : Dove Medical Press
Materias:
Acceso en línea:Full text available from Research Library: 01/01/2009 to 01/31/2016

MARC

LEADER 00000nas a2200000 a 4500
001 ssj0000400449
003 WaSeSS
005 20200512172242.0
006 m d
007 cr n
008 090421c20099999nz x p s 0 a0eng c
010 |a  2012247804 
016 7 |a 2586654-0  |2 DE-600 
022 |a 1179-2701  |l 1179-2701 
035 |a (WaSeSS)ssj0000400449 
040 |a NZ1  |b eng  |c NZ1  |d OCLCQ  |d HEBIS  |d NTE  |d OCLCQ  |d PFM  |d CUS  |d OCLCF  |d EUW  |d OCLCQ  |d CASUM  |d OCLCQ  |d UAB  |d LIP  |d OCLCO  |d XFH  |d OCLCO  |d OCLCQ  |d CRU  |d MOW  |d AU@  |d OCLCO  |d WYU  |d VT2  |d WaSeSS 
042 |a pcc 
050 4 |a QH324.2 
082 0 4 |a 570.285  |2 22 
210 1 |a Open access bioinformatics 
222 0 |a Open access bioinformatics 
245 0 0 |a Open access bioinformatics  |h [electronic resource]. 
246 1 |i HTML header title:  |a Journal of open access bioinformatics 
260 |a Auckland, N.Z. :  |b Dove Medical Press 
310 |a Irregular 
362 1 |a Began with 2009:1. 
506 |a License restrictions may limit access. 
515 |a Articles added irregularly during the year and collected into annual issues. 
588 |a Description based on first issue; title from issue home page (viewed Feb. 18, 2010). 
588 |a Latest issue consulted: V. 4 (2012) (publisher's Web site, viewed Dec. 10, 2012). 
650 0 |a Bioinformatics  |v Periodicals. 
650 0 |a Computational biology  |v Periodicals. 
650 7 |a Bioinformatics.  |2 fast  |0 (OCoLC)fst00832181 
650 7 |a Computational biology.  |2 fast  |0 (OCoLC)fst00871990 
650 2 |a Medical Informatics  |v Periodicals. 
655 0 |a Electronic journals. 
856 4 0 |z Full text available from Research Library: 01/01/2009 to 01/31/2016  |u https://search.proquest.com/publication/3933330